Evaluación de impacto Ambiental de la carretera Naciones Unidas-Bluefields tramo I, Región Autónoma del Atlántico Sur

Presenta una evaluación de impacto ambiental del tramo 1 de carretera naciones Unidas-Bluefields, en el cual se detallaron los diferentes factores ambientales y socio-económicos que fueron afectados por la construcción de dicha vía. Este documento contempla los términos de referencia, el marco...

Full description

Bibliographic Details
Main Authors: Velázquez Montenegro, Carlos Fernando, Rodríguez Membreño, Grace Marcela
Other Authors: Tutor: Castellón Zelaya, Mario Francisco
Format: Tesis Section = Libro
Language:Undetermined
Spanish
Published: Managua UNI 2014
Subjects:
LEADER 01363nam a2200265Ia 4500
008 240830s9999 xx 000 0 und d
040 |a BIBLIOTECA-RUPAP Mon 625.7 V434 
041 |a spa 
082 |a Mon 625.7 V434 
100 1 |a Velázquez Montenegro, Carlos Fernando 
100 1 |b  Rodríguez Membreño, Grace Marcela 
245 1 0 |a Evaluación de impacto Ambiental de la carretera Naciones Unidas-Bluefields tramo I, Región Autónoma del Atlántico Sur 
260 |a Managua  |b UNI  |c 2014 
300 |a 101 p. :il. 
500 |a Contiene: anexos. 
502 |a Tesis (Ingeniero Civil)- UNI, 2014. 
520 3 |a Presenta una evaluación de impacto ambiental del tramo 1 de carretera naciones Unidas-Bluefields, en el cual se detallaron los diferentes factores ambientales y socio-económicos que fueron afectados por la construcción de dicha vía. Este documento contempla los términos de referencia, el marco jurídico legal, la metodología de identificación, evolución de los impactos generados, así como el plan de gestión ambiental del proyecto. 
650 7 |a CARRETERAS-MANTENIMIENTO 
650 7 |b REVESTIMIENTO DE CAMINOS 
650 7 |c MANTENIMIENTO DE SEÑALIZACION VIAL 
650 7 |d EVALUACION DE IMPACTO AMBIENTAL 
700 1 |a Tutor:  |b Castellón Zelaya, Mario Francisco 
942 |c BK  |2 ddc 
991 |a TESIS 
999 |c 15996